Click to Translate: Jamaican Creole - Statistics

General Stats
  • This quiz has been taken 28 times
  • The average score is 17 of 25
Answer Stats
Hint Answer % Correct
fire faiya
89%
husband ozban
84%
bone buon
79%
die ded
79%
head ed
79%
fall faal
79%
play plie
79%
sit sidong
79%
snake siniek
79%
tooth tiit
79%
who uu
79%
small likl
74%
know nuo
74%
person piipl
74%
eye yai
74%
forest faris
68%
because kaaz
68%
split plit
68%
earth ort
63%
heart aat
58%
stick tik
58%
straight chriet
53%
three chrii
53%
few kopl
37%
eat nyam
32%
No matching quizzes found
Score Distribution
Percent of People with Each Score
Percentile by Number Answered
Your Score History
You have not taken this quiz